KSI Quiz - Statistics

General Stats
  • This quiz has been taken 39 times
  • The average score is 13 of 15
Answer Stats
Hint Answer % Correct
Combat sport he has played professionally since 2019 Boxing
94%
His brother, also a popular YouTuber Deji
94%
His most streamed song on Spotify ("Fly me away-away, you're my...") Holiday
94%
Brand of energy drinks he founded along with Logan Paul and Congo Brands Prime
94%
Group of 7 YouTubers he often collaborates with The Sidemen
94%
Country he was born in United Kingdom
94%
His nickname (hint: two letters) JJ
91%
Country his parents were from Nigeria
91%
His favorite football (soccer) team Arsenal FC
88%
What "Little Boy" and "Adam's Apple" are Diss tracks
84%
Series of EA Sports games he first got famous for playing FIFA
84%
His real name Olajide Olatunji
81%
His most viewed song on YouTube, released in 2015 Lamborghini
78%
2016 movie starring him and Caspar Lee Laid in America
72%
Rapper who was featured on the song "Lose" Lil Wayne
69%
No matching quizzes found
Score Distribution
Percent of People with Each Score
Percentile by Number Answered
Your Score History
You have not taken this quiz